Bài giảng American culture and society

Shranjeno v:
Bibliografske podrobnosti
Glavni avtor: Nguyễn, Thu Hương
Format: Knjiga
Jezik:Undetermined
Izdano: Cần Thơ Trường Đại Học Cần Thơ 2000
Teme:
Oznake: Označite
Brez oznak, prvi označite!
Thư viện lưu trữ: Trung tâm Học liệu Trường Đại học Cần Thơ
LEADER 00672nam a2200193Ia 4500
001 CTU_40259
008 210402s9999 xx 000 0 und d
082 |a 428.24 
082 |b H561 
100 |a Nguyễn, Thu Hương 
245 0 |a Bài giảng American culture and society 
245 0 |c Nguyễn Thu Hương, Nguyễn Thị Bích Thủy 
260 |a Cần Thơ 
260 |b Trường Đại Học Cần Thơ 
260 |c 2000 
650 |a English language,English language,English language 
650 |x Study and teaching,Textbooks for foreign speakers 
904 |i Trọng Hải 
980 |a Trung tâm Học liệu Trường Đại học Cần Thơ